[Event "Druzynowe Mistrzostwa Polski Juniorow 2018 - II Liga"]
[Site "Szczyrk"]
[Date "1899-12-30"]
[Round "11.68"]
[White "Trybus, Daniel"]
[Black "Gworys, Grzegorz"]
[Result "1-0"]
[WhiteTitle "I+"]
[BlackTitle "II"]
[WhiteElo "1793"]
[BlackElo "1534"]

1. d4 Nf6 2. Nf3 g6 3. c4 Bg7 4. Nc3 d6 5. Bg5 O-O 6. e3 c5 7. Be2 h6 8. Bh4 g5
9. Bg3 Nh5 10. Qc2 g4 11. Nh4 cxd4 12. exd4 Bxd4 13. Nf5 Bxf5 14. Qxf5 Nf6 15.
Bf4 Qc8 16. Qd3 Qc5 17. O-O Nc6 18. Nb5 Bxb2 19. Rab1 Be5 20. Be3 Bxh2+ 21. Kxh2
Qh5+ 22. Kg1 Ne5 23. Qd4 Kh8 24. Qf4 Kh7 25. Nd4 e6 26. Qxf6 1-0

[Event "Druzynowe Mistrzostwa Polski Juniorow 2018 - II Liga"]
[Site "Szczyrk"]
[Date "1899-12-30"]
[Round "11.69"]
[White "Burdzicki, Stanislaw"]
[Black "Syrkiewicz, Michal"]
[Result "1-0"]
[WhiteTitle "II+"]
[BlackTitle "II+"]
[WhiteElo "1623"]
[BlackElo "1799"]

1. d4 f5 2. Nc3 d6 3. e4 Nf6 4. Bd3 fxe4 5. Nxe4 Nxe4 6. Bxe4 g6 7. h4 Nd7 8. Bg5
Nf6 9. Bxf6 exf6 10. Qf3 c6 11. h5 g5 12. O-O-O Be7 13. Qd3 h6 14. f4 Qa5 15.
Bg6+ Kd8 16. fxg5 fxg5 17. Kb1 Rf8 18. Nf3 Be6 19. c4 Bf5 20. Bxf5 Qxf5 21. Qxf5
Rxf5 22. Nh2 Rf4 23. g3 Re4 24. Rhe1 Rxe1 25. Rxe1 Kd7 26. Ng4 Rh8 27. d5 cxd5
28. cxd5 Bf8 29. Nf6+ Kc7 30. Re6 Kd8 31. Re8+ Kc7 32. g4 b6 33. b4 b5 34. Kc2
Kb7 35. Kb3 Ka6 36. Re6 Kb6 37. Ne8 Kb7 38. a4 bxa4+ 39. Kxa4 Rh7 40. Nxd6+ Bxd6
41. Rxd6 Kc7 42. Rc6+ Kd7 43. Ra6 Kc8 44. Kb5 Kd8 45. Rg6 Kc7 46. Kc5 Kd7 47.
Rc6 Kd8 48. b5 Kd7 49. b6 axb6+ 50. Rxb6 Kc7 51. d6+ Kc8 52. Kc6 Ra7 53. Rb4 Ra6+
54. Kd5 Ra1 55. Re4 Rd1+ 56. Ke6 Kd8 57. Ra4 Re1+ 58. Kd5 Rd1+ 59. Rd4 Re1 60.
Re4 Rd1+ 61. Ke6 Ke8 62. Rb4 Re1+ 63. Kd5 Rd1+ 64. Rd4 Rf1 65. Re4+ Kd7 66. Re7+
Kd8 67. Re6 Rd1+ 68. Ke5 Re1+ 69. Kf5 Rf1+ 70. Kg6 Kd7 71. Re2 Rf4 72. Kxh6 Rxg4
73. Kg7 Kxd6 74. h6 Ra4 75. Rf2 Ke5 76. h7 Rh4 77. Qh8 Rxh8 78. Kxh8 g4 79. Kh7
g3 80. Rf1 1-0

[Event "Druzynowe Mistrzostwa Polski Juniorow 2018 - II Liga"]
[Site "Szczyrk"]
[Date "1899-12-30"]
[Round "11.70"]
[White "Czarnomski, Dominik"]
[Black "Kaliszuk, Kamil"]
[Result "1-0"]
[WhiteTitle "II+"]
[BlackTitle "II"]
[WhiteElo "1454"]
[BlackElo "1457"]

1. e4 c5 2. c4 Nc6 3. Nc3 g6 4. g3 Bg7 5. Bg2 e6 6. Nge2 Nge7 7. O-O O-O 8. d3
a6 9. Be3 Nd4 10. Qd2 Rb8 11. Bh6 d6 12. Bxg7 Kxg7 13. Nxd4 cxd4 14. Ne2 e5 15.
f4 f5 16. b4 Bd7 17. c5 dxc5 18. bxc5 Qc7 19. Rac1 fxe4 20. dxe4 Bb5 21. fxe5
Bxe2 22. Qxe2 Qxe5 23. Rxf8 Rxf8 24. Qb2 Rb8 25. Qb3 Qg5 26. Rf1 Rf8 27. Rxf8
Kxf8 28. Qc2 Nc6 29. Kf1 Qe3 30. Qf2+ Qxf2+ 31. Kxf2 Nb4 32. Ke2 Ke7 33. e5 Ke6
34. Bxb7 Kxe5 35. a3 Nd5 36. Bxa6 Nc7 37. Bc4 g5 38. a4 h5 39. a5 g4 40. a6 Ke4
41. a7 Na8 42. Ba6 d3+ 43. Kd2 Kd4 44. Bb7 Nc7 45. c6 h4 46. Qa8 Nxa8 47. Bxa8
hxg3 48. hxg3 Kc4 49. c7 Kb3 50. Qc8 Kb2 51. Qb8+ Ka3 52. Kc3 Ka2 53. Qb2# 1-0

[Event "Druzynowe Mistrzostwa Polski Juniorow 2018 - II Liga"]
[Site "Szczyrk"]
[Date "1899-12-30"]
[Round "11.71"]
[White "Orlik, Sandra"]
[Black "Nowacka, Dorota"]
[Result "1-0"]
[WhiteTitle "I++"]
[BlackTitle "I"]
[WhiteElo "1683"]
[BlackElo "1279"]

1. Nf3 c5 2. e4 g6 3. d4 Bg7 4. c4 Nc6 5. d5 Nd4 6. Nxd4 cxd4 7. f4 d6 8. Bd3 e5
9. O-O exf4 10. Bxf4 Be5 11. Qf3 Bxf4 12. Qxf4 Qe7 13. Qf2 Nh6 14. Qxd4 O-O 15.
Nd2 f5 16. Rae1 Qg5 17. Nf3 Qh5 18. e5 f4 19. exd6 Bf5 20. Re7 Rf7 21. Rfe1 Bxd3
22. Re8+ Rxe8 23. Rxe8+ Rf8 24. Rxf8+ Kxf8 25. Qxd3 Qf5 26. Qe2 Nf7 27. Qe7+ Kg7
28. d7 Kh6 29. h3 1-0

[Event "Druzynowe Mistrzostwa Polski Juniorow 2018 - II Liga"]
[Site "Szczyrk"]
[Date "1899-12-30"]
[Round "11.72"]
[White "Ziolo, Oliwia"]
[Black "Bienek, Magdalena"]
[Result "0-1"]
[WhiteTitle "I"]
[BlackTitle "II"]
[WhiteElo "1130"]
[BlackElo "1149"]

1. e4 c5 2. d3 e6 3. Nf3 Nc6 4. g3 Nf6 5. Bg2 d5 6. Nbd2 Be7 7. O-O dxe4 8. dxe4
Qc7 9. Re1 O-O 10. Nf1 b5 11. e5 Nd7 12. h4 Bb7 13. Bf4 Rfc8 14. Ne3 Rab8 15.
Ng4 Bf8 16. b3 Nb6 17. Ne3 Rd8 18. Qe2 Nd5 19. Nxd5 Rxd5 20. g4 Nd4 21. Nxd4 Rxd4
22. Bg3 Bxg2 23. Kxg2 Qc6+ 24. Kh2 Rbd8 25. Rad1 Rxd1 26. Rxd1 Rxd1 27. Qxd1 Qd5
28. Qxd5 exd5 29. Kg2 g6 30. f4 Bg7 31. Bf2 d4 32. Kf3 f5 33. gxf5 gxf5 34. b4
cxb4 35. Bxd4 a5 36. Bb6 a4 37. Bc5 Bf8 38. Bxf8 Kxf8 39. Ke3 b3 40. axb3 a3 41.
c4 a2 42. cxb5 Qa1 0-1

[Event "Druzynowe Mistrzostwa Polski Juniorow 2018 - II Liga"]
[Site "Szczyrk"]
[Date "1899-12-30"]
[Round "11.73"]
[White "Niemier, Hubert"]
[Black "Kulesza, Andrzej"]
[Result "1-0"]
[WhiteTitle "I"]
[BlackTitle "I"]
[WhiteElo "1748"]
[BlackElo "1918"]

1. d4 Nf6 2. c4 e6 3. Nc3 d5 4. Bg5 Be7 5. e3 O-O 6. Nf3 a6 7. Bd3 dxc4 8. Bxc4
b5 9. Bb3 Bb7 10. O-O Nbd7 11. Qe2 c5 12. Rfd1 c4 13. Bc2 h6 14. Bh4 Nd5 15. Bg3
N7f6 16. e4 Nxc3 17. bxc3 Qa5 18. Qe3 Ba3 19. Rab1 Rfe8 20. Nd2 Rac8 21. Bh4 Nd7
22. e5 Be7 23. Bxe7 Rxe7 24. a4 Bc6 25. axb5 axb5 26. Ra1 Qd8 27. Ne4 Bxe4 28.
Qxe4 Nf8 29. Rdb1 Rb8 30. Rb4 Reb7 31. g3 Rb6 32. Ra7 Ng6 33. h4 Nf8 34. Kg2 Qe8
35. Kf3 Qc8 36. d5 exd5 37. Qxd5 Ne6 38. Qe4 Qc6 39. Qxc6 Rxc6 40. Be4 Rc5 41.
Ke3 Rxe5 42. f4 Rc5 43. f5 Rc7 44. Ra5 Nc5 45. Raxb5 Rxb5 46. Rxb5 Na4 47. Kd4
Rd7+ 48. Rd5 Rc7 49. Rd8+ Kh7 50. f6+ g6 51. Bd5 Nb6 52. Rf8 Nxd5 53. Kxd5 h5
54. Kd6 Ra7 55. Rc8 g5 56. hxg5 Kg6 57. Rc5 Ra3 58. Rxc4 Kxg5 59. Ke5 Ra5+ 60.
Kd6 Ra3 61. Rc5+ Kxf6 62. c4 Rxg3 63. Rxh5 Rc3 64. c5 Kg6 65. Rd5 f5 66. c6 Kg5
67. c7 Rxc7 68. Kxc7 Kg4 69. Kd6 f4 70. Ke5 f3 71. Ke4 f2 72. Rd1 Kg3 73. Ke3
Kg2 74. Ke2 Kg3 75. Rf1 Kg2 76. Rxf2+ 1-0

[Event "Druzynowe Mistrzostwa Polski Juniorow 2018 - II Liga"]
[Site "Szczyrk"]
[Date "1899-12-30"]
[Round "11.74"]
[White "Urbanski, Wojciech"]
[Black "Chaczynski, Kamil"]
[Result "0-1"]
[WhiteTitle "II"]
[BlackTitle "I"]
[WhiteElo "1560"]
[BlackElo "1823"]

1. e4 e6 2. d4 d5 3. Nd2 Nf6 4. e5 Nfd7 5. Bd3 c5 6. c3 Nc6 7. Ne2 cxd4 8. cxd4
f6 9. exf6 Nxf6 10. f4 Bd6 11. O-O O-O 12. Nf3 Qb6 13. Kh1 Bd7 14. h3 Nb4 15.
Bb1 Bb5 16. a3 Qa6 17. Rf2 Nd3 18. Bxd3 Bxd3 19. Nc3 Rac8 20. Be3 Rxc3 21. bxc3
Ne4 22. Rd2 Bxf4 23. Bxf4 Rxf4 24. Kh2 Nxd2 25. Qxd2 Rf6 26. Ne5 Be4 27. Kg1 b6
28. a4 Rf8 29. Nd7 Rf7 30. Ne5 Rc7 31. Ra2 Qc8 32. Ra3 Qf8 33. Ra1 Qc8 34. Ra3
a6 35. Qe3 Qe8 36. Rb3 b5 37. a5 Rc8 38. Ra3 Qe7 39. Rb3 Rf8 40. Qe1 Qc7 41. Ra3
Rf5 42. Ra2 h6 43. Rf2 Qxa5 44. Nc6 Qc7 45. Rxf5 exf5 46. Nb4 a5 47. Na6 Qf4 48.
Nc5 a4 49. Ne6 Qd6 50. Nc5 a3 51. Qc1 a2 52. Nxe4 dxe4 53. Qb2 Qa6 54. Qb3+ Kh7
55. Qf7 Qa1+ 56. Kh2 Qd6+ 0-1

[Event "Druzynowe Mistrzostwa Polski Juniorow 2018 - II Liga"]
[Site "Szczyrk"]
[Date "1899-12-30"]
[Round "11.75"]
[White "Skrzypinski, Jan"]
[Black "Paprocki, Antoni"]
[Result "1-0"]
[WhiteTitle "II"]
[BlackTitle "I"]
[WhiteElo "1406"]
[BlackElo "1792"]

1. e4 c5 2. Nf3 d6 3. Bb5+ Bd7 4. Bxd7+ Nxd7 5. O-O Ngf6 6. Qe2 e6 7. c3 Be7 8.
d4 O-O 9. Rd1 cxd4 10. cxd4 Rc8 11. Nc3 Nb6 12. Bf4 a6 13. Rac1 Nfd7 14. h3 Nb8
15. Be3 d5 16. e5 Qd7 17. Ne1 a5 18. f4 a4 19. Kh2 Na6 20. g4 Nc4 21. Nd3 b5 22.
Bf2 b4 23. Nb1 Qb7 24. h4 Nc7 25. g5 g6 26. h5 Kg7 27. Kg3 Nb5 28. Rh1 Qa7 29.
Rcd1 b3 30. axb3 axb3 31. Nc5 Bxc5 32. dxc5 Qa2 33. Rd3 Rb8 34. Qf3 Nc7 35. Nd2
Qxb2 36. Nxb3 Nb5 37. Rh2 Qa3 38. Qh1 Rh8 39. Kg4 Nc7 40. Nc1 Qa4 41. Bd4 Qc6
42. Rdh3 Qa8 43. c6 Na6 44. hxg6 hxg6 45. Rh7+ Rxh7 46. Rxh7+ Kf8 47. Rxf7+ Kxf7
48. Qh7+ Kf8 49. Qh8+ Kf7 50. Qf6+ Kg8 51. Qxe6+ Kf8 52. Qf6+ Ke8 53. Qxg6+ Kf8
54. Qf6+ Ke8 55. Qe6+ Kf8 56. Qxd5 Nb6 57. Qd6+ Kg8 58. Qg6+ Kf8 59. e6 Qa7 60.
f5 Qe7 61. c7 Nxc7 62. Bc5 Nxe6 63. fxe6 Nd7 64. Qf7# 1-0

[Event "Druzynowe Mistrzostwa Polski Juniorow 2018 - II Liga"]
[Site "Szczyrk"]
[Date "1899-12-30"]
[Round "11.76"]
[White "Jakubiec, Maurycy"]
[Black "Tadych, Olgierd"]
[Result "1/2-1/2"]
[WhiteTitle "IV"]
[BlackTitle "II"]
[WhiteElo "1000"]
[BlackElo "1235"]

1. c4 e5 2. Nc3 Nf6 3. e3 d6 4. g3 Be7 5. Bg2 c6 6. b3 O-O 7. Nge2 h6 8. O-O Bf5
9. e4 Bg6 10. d3 Nbd7 11. Bb2 Re8 12. Re1 Qb6 13. h3 Rac8 14. Qd2 Qc7 15. Rad1
Rcd8 16. f4 exf4 17. Nxf4 Nh5 18. Kh2 Nxf4 19. Qxf4 Bf6 20. h4 Be5 21. Qf2 Nf6
22. Bh3 Bh5 23. Rd2 Bg4 24. a4 Qd7 25. Qg2 Bxh3 26. Qxh3 Qxh3+ 27. Kxh3 h5 28.
Ne2 c5 29. Bxe5 dxe5 30. Nc3 Rd7 31. Nd5 Nxd5 32. cxd5 a5 33. Rc1 b6 34. Rc4 g6
35. g4 hxg4+ 36. Kxg4 Kg7 37. Rg2 Rh8 38. Kg5 Rd6 39. Rg3 Rf6 40. Kg4 Rf4+ 41.
Kh3 Rhxh4+ 42. Kg2 Rf6 43. Rf3 Rxf3 44. Kxf3 Rf4+ 45. Kg3 Rf6 46. Rc1 Rd6 47.
Re1 g5 48. Rf1 f6 49. Kg4 Rd8 50. Rh1 Rd7 1/2-1/2

[Event "Druzynowe Mistrzostwa Polski Juniorow 2018 - II Liga"]
[Site "Szczyrk"]
[Date "1899-12-30"]
[Round "11.77"]
[White "Niemier, Martyna"]
[Black "Mysliwiec, Natalia"]
[Result "0-1"]
[WhiteTitle "II"]
[BlackTitle "I"]
[WhiteElo "1144"]
[BlackElo "1377"]

1. d4 d5 2. c4 e6 3. Nf3 c6 4. a4 Bd6 5. c5 Bc7 6. Nc3 Nf6 7. Bg5 h6 8. Bh4 O-O
9. e3 Nbd7 10. Bd3 b6 11. b4 a5 12. cxb6 Bxb6 13. b5 Bb7 14. O-O Re8 15. Ne5 Qc7
16. Nxd7 Nxd7 17. bxc6 Bxc6 18. Rc1 Nb8 19. Nb5 Qd7 20. Qg4 Kh8 21. Rc2 Na6 22.
Rfc1 Nb4 23. Rd2 Nxd3 24. Rxd3 Bxb5 25. axb5 Qxb5 26. Rdc3 a4 27. Ra3 Ba5 28.
Ra2 Qb3 29. Rac2 a3 30. Qe2 Bb4 31. h3 Ra7 32. Rc8 Rxc8 33. Rxc8+ Kh7 34. Qg4
Qb1+ 35. Kh2 a2 36. Bf6 Qg6 37. Qf4 Qxf6 38. Qb8 Qe7 39. Rh8+ Kg6 40. Qg3+ Qg5
41. Qb8 Qa1 42. Qg8 Bd6+ 43. g3 Bxg3+ 44. fxg3 Qb2+ 45. Kh1 Ra1# 0-1

[Event "Druzynowe Mistrzostwa Polski Juniorow 2018 - II Liga"]
[Site "Szczyrk"]
[Date "1899-12-30"]
[Round "11.78"]
[White "Pudelko, Magdalena"]
[Black "Gac-mytych, Sara"]
[Result "1-0"]
[WhiteTitle "I"]
[BlackTitle "III"]
[WhiteElo "1358"]
[BlackElo "1000"]

1. e4 c5 2. Nf3 e6 3. d4 cxd4 4. Nxd4 a6 5. Bd3 Nf6 6. Be3 d6 7. Nc3 b5 8. O-O
Bb7 9. a3 Nbd7 10. f3 Be7 11. Re1 O-O 12. b4 Qc7 13. Qd2 Rac8 14. Nce2 Rfe8 15.
Ng3 Ne5 16. Rac1 Qc3 17. f4 Nxd3 18. Qxd3 Qxd3 19. cxd3 Ng4 20. Bd2 Bf6 21. Nb3
Bd8 22. h3 Bb6+ 23. d4 Nf6 24. e5 dxe5 25. fxe5 Nd7 26. Kh2 Bd5 27. Nc5 Nxc5 28.
dxc5 Bd8 29. Ne4 Bxe4 30. Rxe4 f5 31. Rd4 Bc7 32. Bf4 g5 33. Bg3 f4 34. Bf2 Bxe5
35. Rd2 Bc7 36. g3 fxg3+ 37. Bxg3 Bxg3+ 38. Kxg3 e5 39. Re1 e4 40. Rde2 a5 41.
Rxe4 Rxe4 42. Rxe4 a4 43. Kg4 h6 44. Re6 Kg7 45. Rb6 Rf8 46. Rb7+ Kg6 47. Rb6+
Kg7 48. Rxb5 Rf4+ 49. Kg3 h5 50. c6 Kg6 51. c7 h4+ 52. Kg2 Rc4 53. Rc5 Rxc5 54.
bxc5 Kh5 55. Qc8 g4 56. Qxg4+ Kh6 57. c6 Kh7 58. c7 Kh8 59. Rc8+ Kh7 60. Rg8 Kh6
61. Rh8# 1-0

[Event "Druzynowe Mistrzostwa Polski Juniorow 2018 - II Liga"]
[Site "Szczyrk"]
[Date "1899-12-30"]
[Round "11.79"]
[White "Krupinski, Mikolaj"]
[Black "Kus, Aleksander"]
[Result "0-1"]
[WhiteTitle "II"]
[BlackTitle "k"]
[WhiteElo "1531"]
[BlackElo "1934"]

1. d4 Nf6 2. Bf4 d5 3. Nf3 c5 4. c3 Nc6 5. e3 Qb6 6. Qb3 c4 7. Qxb6 axb6 8. Nbd2
b5 9. h3 b4 10. Be2 h6 11. O-O Bf5 12. Rfc1 e6 13. b3 bxc3 14. Rxc3 Bb4 15. Rcc1
Ba3 16. Rf1 c3 17. Nb1 Bb2 18. Nxc3 Bxc3 19. Rac1 Bb2 20. Rcd1 Rxa2 21. Bb5 O-O
22. Rd2 Ne4 23. Rdd1 Nc3 24. Bxc6 Nxd1 25. Bxb7 Nc3 26. Re1 Ba3 27. Bc6 Bc2 28.
Nd2 Bd3 29. Nf3 Ne2+ 30. Kh2 Nxf4 31. exf4 Rxf2 32. Kg3 Rb2 33. Ba4 Be4 34. Nh4
Be7 35. Nf3 Rc8 36. Rd1 Rcc2 37. Rg1 Bxf3 38. Kxf3 Rc3+ 39. Kg4 f5+ 40. Kh5 Kh7
41. Be8 Rbxb3 42. Bg6+ Kg8 43. h4 Rg3 44. Ra1 Rxg6 45. g4 Rf6 46. g5 g6+ 47. Kxh6
Bf8# 0-1

[Event "Druzynowe Mistrzostwa Polski Juniorow 2018 - II Liga"]
[Site "Szczyrk"]
[Date "1899-12-30"]
[Round "11.80"]
[White "Nowak, Patrycja"]
[Black "Owoc, Jakub"]
[Result "0-1"]
[WhiteTitle "II"]
[BlackTitle "II"]
[WhiteElo "1160"]
[BlackElo "1511"]

1. e4 b6 2. f3 Bb7 3. Nc3 e6 4. d4 d5 5. Bd3 Bb4 6. Ne2 dxe4 7. Bxe4 Bxe4 8. fxe4
Qh4+ 9. Ng3 Nf6 10. O-O Qg4 11. Nb5 Qxd1 12. Rxd1 Na6 13. Bf4 c6 14. Nc7+ Nxc7
15. Bxc7 Rc8 16. Bf4 O-O 17. a4 h6 18. c3 Be7 19. Be5 Ng4 20. Bf4 g5 21. Bd2 Rcd8
22. h3 Nf6 23. Be1 Kg7 24. Bf2 Kg6 25. b4 h5 26. e5 Nd5 27. Ne2 Rc8 28. Rab1 f6
29. exf6 Bxf6 30. c4 Ne7 31. Bg3 Nf5 32. Bf2 Rfd8 33. Rd2 e5 34. d5 cxd5 35. cxd5
Rd6 36. a5 Ne7 37. axb6 axb6 38. Ng3 Rxd5 39. Rbd1 Rcd8 40. Rxd5 Rxd5 41. Rc1
Rb5 42. Rc4 Nd5 43. Be1 h4 44. Ne4 Be7 45. Rc6+ Kf5 46. Nc3 Nxc3 47. Rxc3 Bxb4
48. Rb3 Bc5+ 0-1

[Event "Druzynowe Mistrzostwa Polski Juniorow 2018 - II Liga"]
[Site "Szczyrk"]
[Date "1899-12-30"]
[Round "11.81"]
[White "Wiszniewski, Szymon"]
[Black "Franc, Piotr"]
[Result "1-0"]
[WhiteTitle "II"]
[BlackTitle "II"]
[WhiteElo "1257"]
[BlackElo "1196"]

1. e4 e6 2. d4 d5 3. Nd2 a6 4. c3 Nf6 5. e5 Nfd7 6. f4 c5 7. Ndf3 Qb6 8. a3 Nc6
9. h4 cxd4 10. cxd4 f6 11. Bd3 fxe5 12. fxe5 Be7 13. Ne2 h6 14. Bg6+ Kd8 15. g4
Rf8 16. Nf4 Rxf4 17. Bxf4 Qxb2 18. Rh2 Qb6 19. g5 hxg5 20. Nxg5 Nf8 21. h5 Nxd4
22. h6 gxh6 23. Rxh6 Bxg5 24. Bxg5+ Kd7 25. Rh8 Nc2+ 26. Qxc2 Qg1+ 27. Ke2 Qxg5
28. Rxf8 Qxe5+ 29. Kf3 Qxa1 30. Rf7+ Ke8 31. Rxb7+ Kf8 32. Qc5+ Kg8 33. Bh7+ Kh8
34. Qf8# 1-0

[Event "Druzynowe Mistrzostwa Polski Juniorow 2018 - II Liga"]
[Site "Szczyrk"]
[Date "1899-12-30"]
[Round "11.82"]
[White "Dopierala, Adam"]
[Black "Bar, Klaudia"]
[Result "1-0"]
[WhiteTitle "II"]
[BlackTitle "I"]
[WhiteElo "1164"]
[BlackElo "1478"]

1. e4 c5 2. Nf3 Nf6 3. Nc3 d5 4. exd5 Nxd5 5. Bc4 Nb6 6. Be2 Nc6 7. O-O Bf5 8.
Bb5 Qc7 9. Re1 Bd7 10. a4 a6 11. Bf1 e6 12. a5 Nc8 13. d4 cxd4 14. Nxd4 Nxa5 15.
Nd5 Qd8 16. Qh5 Nc6 17. Nxe6 Bxe6 18. Rxe6+ N8e7 19. Bf4 Rc8 20. Rd1 Qa5 21. Ree1
g6 22. Nf6# 1-0

[Event "Druzynowe Mistrzostwa Polski Juniorow 2018 - II Liga"]
[Site "Szczyrk"]
[Date "1899-12-30"]
[Round "11.83"]
[White "Pawlak, Emilia"]
[Black "Roszkiewicz, Anna"]
[Result "1-0"]
[WhiteTitle "I"]
[BlackTitle "I++"]
[WhiteElo "1415"]
[BlackElo "1666"]

1. e4 c5 2. c3 d5 3. exd5 Qxd5 4. d4 Nf6 5. Nf3 e6 6. Na3 cxd4 7. Nb5 Qd8 8. Nbxd4
a6 9. Bf4 Be7 10. Qc2 Bd7 11. Be2 Nc6 12. O-O-O Nxd4 13. Nxd4 Nd5 14. Bg3 Rc8
15. Bf3 Nb4 16. Qb3 Qa5 17. Kb1 Ba4 18. cxb4 Bxb4 19. Qe3 Bxd1 20. Rxd1 Qb6 21.
Nf5 Qxe3 22. Nxe3 Rd8 23. Rxd8+ Kxd8 24. Bxb7 a5 25. Nc4 Be1 26. Kc2 Kd7 27. Ne5+
Ke7 28. a3 a4 29. Kd1 1-0

[Event "Druzynowe Mistrzostwa Polski Juniorow 2018 - II Liga"]
[Site "Szczyrk"]
[Date "1899-12-30"]
[Round "11.84"]
[White "Roszkiewicz, Zofia"]
[Black "Szopa, Emilia"]
[Result "1-0"]
[WhiteTitle "I"]
[BlackTitle "I"]
[WhiteElo "1265"]
[BlackElo "1422"]

1. e4 c5 2. Nf3 Nf6 3. Nc3 d5 4. exd5 Nxd5 5. Nxd5 Qxd5 6. d4 cxd4 7. Qxd4 Qxd4
8. Nxd4 a6 9. Be3 e5 10. Nf3 Nc6 11. O-O-O Bf5 12. Bc4 Be7 13. Bd5 Rc8 14. c3
Bd6 15. Rhe1 Nb4 16. a3 Nd3+ 17. Rxd3 Bxd3 18. Rd1 e4 19. Bxb7 Rd8 20. Ng5 O-O
21. Bxe4 Bxe4 22. Nxe4 Bc7 23. b4 f5 24. Nc5 Rxd1+ 25. Kxd1 Rd8+ 26. Kc2 f4 27.
Bd4 f3 28. g3 Rd6 29. Be5 Rc6 30. Bxc7 Rxc7 31. Nxa6 Re7 32. Kd3 Re2 33. Nc5 Rxf2
34. Ke3 Rxh2 35. Kxf3 Rc2 36. Na4 Ra2 37. b5 Rxa3 38. b6 Rb3 39. Ke4 Kf7 40. Kd5
h5 41. Kc6 g5 42. Nc5 Rb1 43. b7 g4 44. Ne4 Ke6 45. Kc7 Ke5 46. Nf2 Kd5 47. Qb8
Rxb8 48. Kxb8 Kc4 49. Nd1 Kd3 50. Kb7 Kc2 51. c4 Kxd1 52. c5 Ke2 53. c6 Kf3 54.
c7 Kxg3 55. Qc8 h4 56. Qc3+ Kh2 57. Qd2+ Kh3 58. Qf2 g3 59. Qg1 g2 60. Kc6 Kg3
61. Kd5 Kh3 62. Ke4 Kg3 63. Ke3 h3 64. Ke4 Kg4 65. Qh2 Kg5 66. Kf3 Kf6 67. Kg3
Qg1+ 68. Qxg1 h2 69. Kxh2 Kf5 70. Qe1 Kf4 71. Qg3+ Ke4 72. Kg2 Kd4 73. Qf3 Ke5
74. Kf2 Kd4 75. Qf5 Kc4 76. Ke3 Kc3 77. Qc5+ Kb3 78. Kd2 Ka4 79. Qb6 Ka3 80. Kc3
Ka2 81. Qb2# 1-0

[Event "Druzynowe Mistrzostwa Polski Juniorow 2018 - II Liga"]
[Site "Szczyrk"]
[Date "1899-12-30"]
[Round "11.85"]
[White "Grzegorski, Michal"]
[Black "Marczak, Szymon"]
[Result "0-1"]
[WhiteTitle "II"]
[BlackTitle "I+"]
[WhiteElo "1416"]
[BlackElo "1954"]

1. e4 c5 2. Nf3 e6 3. d4 cxd4 4. Nxd4 Nc6 5. Be3 a6 6. Nc3 Qc7 7. Be2 b5 8. a3
Bb7 9. O-O Nf6 10. f3 Rc8 11. Qe1 Bc5 12. Qf2 Nxd4 13. Bxd4 Bxd4 14. Qxd4 Qc5
15. Rfd1 d5 16. exd5 Bxd5 17. Nxd5 Nxd5 18. Qxc5 Rxc5 19. Rac1 Ke7 20. Kf2 Rhc8
21. c3 Nb6 22. Rd2 R8c7 23. Rdc2 Rd5 24. c4 bxc4 25. Bxc4 Rdc5 26. Bd3 Rxc2+ 27.
Rxc2 Rxc2+ 28. Bxc2 f5 29. b4 Nc4 30. Bd3 Nxa3 31. Bxa6 Kd6 32. Ke2 Nc2 33. b5
Kc5 34. Kd2 Nd4 35. Ke3 Nxb5 36. Bxb5 Kxb5 37. Kf4 Kc6 38. Ke5 Kd7 39. h3 Ke7
40. g4 fxg4 41. hxg4 h6 42. f4 g6 43. f5 exf5 44. gxf5 g5 45. f6+ Kf7 46. Kf5
Kf8 47. Kg4 Kg8 48. Kf5 Kf7 49. Ke5 g4 50. Kf4 h5 51. Kg3 Kxf6 52. Kh4 Kf5 53.
Kg3 Kg5 54. Kg2 Kf4 55. Kf2 h4 56. Kg2 g3 57. Kg1 Kf3 58. Kh1 g2+ 59. Kg1 h3 60.
Kh2 Kf2 61. Kxh3 Qg1 0-1

[Event "Druzynowe Mistrzostwa Polski Juniorow 2018 - II Liga"]
[Site "Szczyrk"]
[Date "1899-12-30"]
[Round "11.86"]
[White "Franek, Krzysztof"]
[Black "Jedraszek, Pawel"]
[Result "1/2-1/2"]
[WhiteTitle "III"]
[BlackTitle "I"]
[WhiteElo "1156"]
[BlackElo "1507"]

1. d4 d5 2. Nf3 Nf6 3. Bf4 e6 4. e3 Nbd7 5. Bd3 Be7 6. h3 c5 7. c3 O-O 8. Nbd2
a6 9. O-O b5 10. Re1 Bb7 11. Qe2 Ne4 12. Ne5 cxd4 13. exd4 Ndf6 14. Nb3 Nd7 15.
Nd2 Nef6 16. Ndf3 h6 17. Nxd7 Qxd7 18. Ne5 Qd8 19. Ng4 Nxg4 20. Qxg4 Bg5 21. Bxg5
Qxg5 22. Qxg5 hxg5 23. Re5 g4 24. hxg4 g6 25. f4 Bc8 26. g5 Kg7 27. g3 Rh8 28.
Kg2 Bd7 29. Rh1 a5 30. Rxh8 Rxh8 31. g4 Rh4 32. Be2 Rh8 33. f5 Rb8 34. fxe6 fxe6
35. Re3 Rb6 1/2-1/2

[Event "Druzynowe Mistrzostwa Polski Juniorow 2018 - II Liga"]
[Site "Szczyrk"]
[Date "1899-12-30"]
[Round "11.87"]
[White "Rosinski, Filip"]
[Black "Gabzdyl, Mateusz"]
[Result "1/2-1/2"]
[WhiteTitle "II"]
[BlackTitle "III"]
[WhiteElo "1345"]
[BlackElo "1083"]

1. e4 c5 2. Nf3 e6 3. d4 cxd4 4. Nxd4 a6 5. Bd3 Qc7 6. O-O Nc6 7. Be3 Nf6 8. Qe2
b5 9. a4 b4 10. f4 Bb7 11. c4 Bc5 12. Nb3 Bxe3+ 13. Qxe3 O-O 14. e5 Ne8 15. Qh3
g6 16. N1d2 Ne7 17. Ne4 Bxe4 18. Bxe4 Rc8 19. Rac1 d6 20. Qg3 Ng7 21. exd6 Qxd6
22. Rfd1 Qc7 23. Kh1 Ngf5 24. Qf3 Nd6 25. Bd3 Qa7 26. Qe2 Rc6 27. c5 Nb7 28. Be4
Rc7 29. c6 Nd8 30. Qf3 f5 31. Nd4 fxe4 32. Qxe4 Qa8 33. Nxe6 Nxe6 34. Qxe6+ Rf7
35. Rd6 Kf8 36. Qe5 Kg8 37. Re6 Qd8 38. Rd6 Qc8 39. Qd4 Rf8 40. Qc4+ Kh8 41. Qxb4
Kg8 1/2-1/2

[Event "Druzynowe Mistrzostwa Polski Juniorow 2018 - II Liga"]
[Site "Szczyrk"]
[Date "1899-12-30"]
[Round "11.88"]
[White "Grzybek, Mikolaj"]
[Black "Wawrzyniak, Karol"]
[Result "1-0"]
[WhiteTitle "II"]
[BlackTitle "II"]
[WhiteElo "1375"]
[BlackElo "1222"]

1. d4 d5 2. Nf3 c6 3. c4 e6 4. Nc3 Nf6 5. Bg5 Nbd7 6. e3 Be7 7. Qc2 O-O 8. Rd1
h6 9. Bh4 b6 10. Bg3 Bb7 11. Be2 dxc4 12. Bxc4 Qc8 13. e4 b5 14. Bd3 a6 15. O-O
Nb6 16. e5 Nfd5 17. Nxd5 Nxd5 18. a3 c5 19. dxc5 Qxc5 20. Qxc5 Bxc5 21. Rc1 Rac8
22. Nd2 Bd4 23. Rxc8 Rxc8 24. b3 Nb6 25. Ne4 Bxe4 26. Bxe4 Rc3 27. Rd1 Bc5 28.
Rd8+ Bf8 29. h3 Rc8 30. Rxc8 Nxc8 31. Bb7 Na7 32. f4 Bc5+ 33. Kf1 a5 34. b4 axb4
35. axb4 Bb6 36. Bf2 Bxf2 37. Kxf2 Kf8 38. Ke3 Ke7 39. Kd4 Kd7 40. Kc5 Kc7 41.
Ba6 Nc6 42. Bxb5 Ne7 43. Be8 f6 44. Bf7 fxe5 45. fxe5 Nc6 46. Bxe6 Nxe5 47. Bc4
Ng6 48. b5 Nf4 49. Bf1 g5 50. Kd4 Ne6+ 51. Ke5 Kd7 52. Kf6 h5 53. Kg6 h4 54. Kf5
Nd4+ 55. Kxg5 Nc2 56. Bd3 Ne3 57. Be4 Kc7 58. Kxh4 Kb6 59. Bc6 Nxg2+ 60. Bxg2
Kxb5 61. Kg5 Kc5 62. h4 Kd6 63. Kg6 Ke7 64. Bd5 1-0

[Event "Druzynowe Mistrzostwa Polski Juniorow 2018 - II Liga"]
[Site "Szczyrk"]
[Date "1899-12-30"]
[Round "11.89"]
[White "Piotrowska, Florentyna"]
[Black "Kindler, Karolina"]
[Result "1-0"]
[WhiteTitle "I"]
[BlackTitle "I++"]
[WhiteElo "1259"]
[BlackElo "1784"]

1. e4 c6 2. d4 g6 3. f4 Bg7 4. Nf3 b5 5. Bd3 d6 6. c3 Qc7 7. h3 Nd7 8. g4 Ngf6
9. Qe2 e5 10. f5 a6 11. Be3 c5 12. d5 c4 13. Bc2 Nc5 14. Nbd2 Bf8 15. Qg2 Rg8
16. g5 gxf5 17. exf5 Nxd5 18. Qf2 Nxe3 19. Qxe3 Qa7 20. Qe2 Bb7 21. h4 O-O-O 22.
O-O-O Re8 23. Ne4 Nxe4 24. Bxe4 Bxe4 25. Qxe4 Qb7 26. Rd5 Kb8 27. Rhd1 Rc8 28.
Qe2 b4 29. Qe3 Rc6 30. f6 h6 31. Nxe5 dxe5 32. Rd8+ Rc8 33. Qxe5+ Bd6 34. Qxd6+
Qc7 35. Qxb4+ Ka8 36. Rxc8+ Qxc8 37. Qe7 hxg5 38. hxg5 Qb8 39. Qe4+ Ka7 40. Qxc4
Rxg5 41. Qxf7+ Ka8 42. Kb1 Rb5 43. Rd2 Qh8 44. Kc2 Qb8 45. b3 Ra5 46. a4 Rc5 47.
Qg7 Rf5 48. f7 Qc8 49. Qg8 Kb7 50. Qxc8+ Kxc8 51. Rd6 a5 52. Kd3 Rxf7 53. Rd5
Ra7 54. Rh5 Ra6 55. Kc4 Ra7 56. Rh8+ 1-0

[Event "Druzynowe Mistrzostwa Polski Juniorow 2018 - II Liga"]
[Site "Szczyrk"]
[Date "1899-12-30"]
[Round "11.90"]
[White "Gren, Kinga"]
[Black "Jedrzejewska, Zuzanna"]
[Result "1-0"]
[WhiteTitle "II+"]
[BlackTitle "I"]
[WhiteElo "1118"]
[BlackElo "1242"]

1. d4 d5 2. Nf3 Nf6 3. c4 e6 4. Nc3 Be7 5. Bg5 O-O 6. e3 Nbd7 7. Qc2 c6 8. Rd1
h6 9. Bh4 Nh5 10. Bg3 Nxg3 11. hxg3 f5 12. a3 b6 13. Ne2 Re8 14. Nf4 Kf7 15. g4
Nb8 16. Ne5+ Kg8 17. Bd3 Rf8 18. gxf5 exf5 19. Qe2 Qe8 20. cxd5 cxd5 21. Nxd5
Bd6 22. Nc4 Qd7 23. Ne5 Qd8 24. Ng6 Rf7 25. Bc4 Kh7 26. Ndf4 Rf6 27. Ne5 Bb7 28.
Rg1 Nd7 29. Bb5 Nf8 30. Nh5 Re6 31. Nf4 Rf6 32. g4 g6 33. gxf5 gxf5 34. Nh5 Re6
35. Rg7+ Kh8 36. Nf7# 1-0